[Event "Oslo Offerspill op"]
[Site "Oslo"]
[Date "2020.06.10"]
[Round "7"]
[White "Hansen, Erle Andrea Marki"]
[Black "Shehzad, Shazil Khan"]
[Result "1-0"]
[WhiteElo "1845"]
[BlackElo "2205"]
[PlyCount "79"]
[EventDate "2020.06.10"]
[EventType "swiss"]
[EventRounds "9"]
[EventCountry "NOR"]
[SourceTitle "CBM 197 Extra"]
[Source "ChessBase"]
[SourceDate "2020.09.30"]
[SourceVersion "1"]
[SourceVersionDate "2020.09.30"]
[SourceQuality "1"]

1. e4 c5 2. Nf3 d6 3. Bb5+ Nd7 4. a4 Ngf6 5. Nc3 a6 6. Be2 Qa5 7. d3 b5 8. Bd2 b4 9. Na2 Qc7 10. 0-0 a5 11. c4 g6 12. Ne1 Bg7 13. Rb1 0-0 14. f4 Bb7 15. Nc1 Rad8 16. Bf3 Nb8 17. Ne2 Nc6 18. b3 e6 19. g4 Nd7 20. Ng2 Ne7 21. Qe1 f5 22. g5 fxe4 23. dxe4 d5 24. exd5 exd5 25. Ng3 Rde8 26. Qe6+ Kh8 27. Rbe1 Qd8 28. Qh3 Nb6 29. Nh4 Kg8 30. Qe6+ Kh8 31. Qh3 Bd4+ 32. Kh1 Kg8 33. Qe6+ Kg7 34. f5 Nxf5 35. Nhxf5+ gxf5 36. Qh6+ Kh8 37. g6 Qc7 38. Nxf5 Nc8 39. cxd5 Qd7 40. Re7 1-0

[Event "NOR-ch U20 Girls"]
[Site "Sandnes"]
[Date "2015.02.13"]
[Round "3"]
[White "Hansen, Erle Andrea Marki"]
[Black "Sajjadi, Kimiya"]
[Result "1/2-1/2"]
[WhiteElo "1784"]
[BlackElo "1633"]
[PlyCount "42"]
[EventDate "2015.02.13"]
[EventType "swiss"]
[EventRounds "6"]
[EventCountry "NOR"]
[SourceTitle "EXT 2017"]
[Source "ChessBase"]
[SourceDate "2016.10.25"]
[SourceVersion "1"]
[SourceVersionDate "2016.10.25"]
[SourceQuality "1"]

1. d4 d5 2. c4 dxc4 3. e3 e5 4. Bxc4 exd4 5. exd4 Nf6 6. Nf3 Bd6 7. 0-0 0-0 8. Nc3 Nbd7 9. Bg5 Nb6 10. Bb3 c6 11. Qd3 Be7 12. Bc2 g6 13. Bh6 Re8 14. Bb3 Bf5 15. Qd2 Nbd5 16. Ne5 Be6 17. Rad1 Bf8 18. Bxf8 Rxf8 19. Rfe1 Qc7 20. Ne4 Rad8 21. Nc5 Bf5 1/2-1/2

[Event "Wch U16 Girls"]
[Site "Maribor"]
[Date "2012.11.12"]
[Round "6.43"]
[White "Head, Louise"]
[Black "Hansen, Erle Andrea Marki"]
[Result "1-0"]
[WhiteElo "1754"]
[BlackElo "1846"]
[PlyCount "97"]
[EventDate "2012.11.08"]
[EventType "swiss"]
[EventRounds "11"]
[EventCountry "SLO"]
[SourceTitle "EXT 2013"]
[Source "ChessBase"]
[SourceDate "2012.11.22"]
[SourceVersion "1"]
[SourceVersionDate "2012.11.22"]
[SourceQuality "1"]

1. d4 Nf6 2. Nf3 g6 3. c4 Bg7 4. Nc3 0-0 5. e4 d6 6. Be2 Bg4 7. Be3 Nfd7 8. 0-0 Nc6 9. d5 Na5 10. Nd2 Bxe2 11. Qxe2 b6 12. Rac1 e5 13. b4 Nb7 14. Nb3 a5 15. a3 f5 16. f3 f4 17. Bf2 Nf6 18. Ra1 Qe7 19. Na4 axb4 20. axb4 g5 21. c5 bxc5 22. bxc5 h5 23. c6 Nd8 24. Nc3 Nf7 25. Rxa8 Rxa8 26. Ra1 Rxa1+ 27. Nxa1 g4 28. Bh4 Nh6 29. Nc2 Bf8 30. Nb5 Qg7 31. Bxf6 Qxf6 32. Nxc7 Qd8 33. Ne6 Qb6+ 34. Kf1 Qb1+ 35. Ne1 gxf3 36. gxf3 Ng4 37. fxg4 h4 38. c7 f3 39. Qxf3 Qb5+ 40. Qd3 Qd7 41. Qc2 Qc8 42. Qc6 Bh6 43. Qxd6 Kh7 44. Nf3 Qb7 45. Qd7+ Kg8 46. Qe8+ Kh7 47. Qf7+ Kh8 48. Qf6+ Kg8 49. Qg6+ 1-0

[Event "Wch U16 Girls"]
[Site "Maribor"]
[Date "2012.11.11"]
[Round "4.41"]
[White "Kejzar, Petra"]
[Black "Hansen, Erle Andrea Marki"]
[Result "1/2-1/2"]
[WhiteElo "1723"]
[BlackElo "1846"]
[PlyCount "87"]
[EventDate "2012.11.08"]
[EventType "swiss"]
[EventRounds "11"]
[EventCountry "SLO"]
[SourceTitle "EXT 2013"]
[Source "ChessBase"]
[SourceDate "2012.11.22"]
[SourceVersion "1"]
[SourceVersionDate "2012.11.22"]
[SourceQuality "1"]

1. e4 c5 2. Nf3 Nc6 3. Nc3 a6 4. d4 cxd4 5. Nxd4 e5 6. Nf3 Nf6 7. Bd3 d6 8. 0-0 Bg4 9. Be3 b5 10. a3 Be7 11. h3 Bh5 12. Re1 0-0 13. Nd5 Nxd5 14. exd5 Na5 15. b4 Nc4 16. Bxc4 bxc4 17. Qe2 e4 18. Bd4 Bxf3 19. gxf3 f5 20. fxe4 Bf6 21. Bxf6 Qxf6 22. exf5 Qc3 23. Kh2 Rxf5 24. Qe6+ Rf7 25. Rf1 Raf8 26. Ra2 Kh8 27. f4 Qd2+ 28. Kg1 Rxf4 29. Rxf4 Qxf4 30. c3 Qf1+ 31. Kh2 Rf2+ 32. Rxf2 Qxf2+ 33. Kh1 Qf1+ 34. Kh2 Qf4+ 35. Kh1 h6 36. Kg2 Kh7 37. h4 Qd2+ 38. Kh1 Qf4 39. Kg2 Qd2+ 40. Kh1 Qc1+ 41. Kg2 Qf4 42. Kg1 Qg3+ 43. Kf1 Qf3+ 44. Kg1 1/2-1/2

[Event "Wch U16 Girls"]
[Site "Maribor"]
[Date "2012.11.08"]
[Round "1.5"]
[White "Hansen, Erle Andrea Marki"]
[Black "Osmanodja, Filiz"]
[Result "0-1"]
[WhiteElo "1833"]
[BlackElo "2206"]
[PlyCount "78"]
[EventDate "2012.11.08"]
[EventType "swiss"]
[EventRounds "11"]
[EventCountry "SLO"]
[SourceTitle "EXT 2013"]
[Source "ChessBase"]
[SourceDate "2012.11.22"]
[SourceVersion "1"]
[SourceVersionDate "2012.11.22"]
[SourceQuality "1"]

1. d4 Nf6 2. Nf3 e6 3. g3 b5 4. Bg2 Bb7 5. a4 b4 6. a5 c5 7. 0-0 cxd4 8. Nxd4 Bxg2 9. Kxg2 Bc5 10. c3 0-0 11. cxb4 Bxb4 12. Qa4 Na6 13. Nc2 Be7 14. b4 Rb8 15. Bf4 Rb7 16. Nba3 Nxb4 17. Rab1 Ne4 18. a6 Rb6 19. Rxb4 Bxb4 20. Nxb4 Qe7 21. Nac2 Rc8 22. Be3 Nc5 23. Qa1 Rbb8 24. Rb1 f6 25. Qa2 Kf7 26. Bf4 Rb6 27. Ne3 Ne4 28. Rb2 Rxb4 29. Nf5 Rxb2 30. Nxe7 Rxa2 31. Nxc8 Rxa6 32. Be3 Ra2 33. Kf3 Ng5+ 34. Kg4 Ne4 35. Nxa7 Rxe2 36. Kf3 Nc3 37. Bd4 Rc2 38. Ke3 Nd5+ 39. Kd3 Nb4+ 0-1

[Event "Oslo op"]
[Site "Oslo"]
[Date "2012.10.01"]
[Round "2"]
[White "Hansen, Erle Andrea Marki"]
[Black "Urkedal, Frode Olav Olsen"]
[Result "0-1"]
[WhiteElo "1861"]
[BlackElo "2470"]
[PlyCount "66"]
[EventDate "2012.09.30"]
[EventType "swiss"]
[EventRounds "9"]
[EventCountry "NOR"]
[SourceTitle "CBM 150 Extra"]
[Source "ChessBase"]
[SourceDate "2012.10.19"]
[SourceVersion "1"]
[SourceVersionDate "2012.10.19"]
[SourceQuality "1"]

1. d4 Nf6 2. Nf3 g6 3. b3 Bg7 4. Bb2 d5 5. c4 0-0 6. g3 c5 7. Nbd2 cxd4 8. Nxd4 e5 9. Nb5 a6 10. Nc3 d4 11. Nce4 Nxe4 12. Nxe4 f5 13. Nd2 e4 14. Bg2 Nc6 15. 0-0 Be6 16. Rc1 Qd7 17. Ba3 Rfd8 18. c5 Ne5 19. f3 d3 20. e3 Bh6 21. f4 Ng4 22. Re1 Bg7 23. h3 Nf6 24. Rb1 Nd5 25. Bb2 Bxb2 26. Rxb2 Nxe3 27. Rxe3 Qd4 28. Nc4 Bxc4 29. Qd2 Qxb2 30. Qxb2 d2 31. bxc4 d1Q+ 32. Kh2 Rd2 33. Qb6 Re8 0-1

[Event "Oslo op"]
[Site "Oslo"]
[Date "2012.09.30"]
[Round "4"]
[White "Hansen, Erle Andrea Marki"]
[Black "Sousa, Ludy Helsio Paulo"]
[Result "1-0"]
[WhiteElo "1861"]
[BlackElo "2232"]
[PlyCount "87"]
[EventDate "2012.09.30"]
[EventType "swiss"]
[EventRounds "9"]
[EventCountry "NOR"]
[SourceTitle "CBM 150 Extra"]
[Source "ChessBase"]
[SourceDate "2012.10.19"]
[SourceVersion "1"]
[SourceVersionDate "2012.10.19"]
[SourceQuality "1"]

1. d4 Nf6 2. c4 g6 3. Nf3 Bg7 4. g3 d6 5. Bg2 0-0 6. 0-0 Nc6 7. Nbd2 e5 8. d5 Nb8 9. e4 a5 10. b3 Na6 11. Ba3 Nd7 12. Ne1 Ndc5 13. Nb1 f5 14. f3 fxe4 15. fxe4 Rxf1+ 16. Kxf1 Qf6+ 17. Kg1 Bh6 18. Nc2 Qg5 19. Bf3 Nb4 20. Nc3 Nxc2 21. Qxc2 Qe3+ 22. Kg2 Bh3+ 23. Kxh3 Qxf3 24. Bxc5 dxc5 25. Rd1 Rf8 26. Qd3 Be3 27. Qe2 Qxe2 28. Nxe2 Rf2 29. Nc3 h5 30. Nb5 g5 31. g4 h4 32. Nxc7 Bf4 33. Rh1 Rxa2 34. Ne6 Be3 35. Re1 Bf2 36. Rf1 Rb2 37. Nxg5 Rxb3+ 38. Kg2 Bd4 39. Nf3 Rb2+ 40. Kh3 Rf2 41. Rxf2 Bxf2 42. d6 Kf7 43. g5 Be3 44. g6+ 1-0

[Event "Oslo op"]
[Site "Oslo"]
[Date "2012.09.30"]
[Round "3"]
[White "Tari, Aryan"]
[Black "Hansen, Erle Andrea Marki"]
[Result "1-0"]
[WhiteElo "2285"]
[BlackElo "1861"]
[PlyCount "41"]
[EventDate "2012.09.30"]
[EventType "swiss"]
[EventRounds "9"]
[EventCountry "NOR"]
[SourceTitle "CBM 150 Extra"]
[Source "ChessBase"]
[SourceDate "2012.10.19"]
[SourceVersion "1"]
[SourceVersionDate "2012.10.19"]
[SourceQuality "1"]

1. e4 c5 2. Nf3 e6 3. d4 cxd4 4. Nxd4 Nf6 5. Nc3 Bb4 6. e5 Nd5 7. Bd2 Bxc3 8. bxc3 0-0 9. c4 Ne7 10. Bd3 Nbc6 11. Nxc6 bxc6 12. 0-0 f6 13. exf6 Rxf6 14. Qh5 h6 15. g4 Rf7 16. g5 g6 17. Bxg6 Rg7 18. Bd3 e5 19. c5 Nd5 20. Kh1 hxg5 21. Rg1 1-0

[Event "Olympiad Women-40"]
[Site "Istanbul"]
[Date "2012.09.01"]
[Round "5.4"]
[White "Hansen, Erle Andrea Marki"]
[Black "Sanchez Zambrano, Vanessa"]
[Result "0-1"]
[WhiteElo "1861"]
[BlackElo "1858"]
[PlyCount "78"]
[EventDate "2012.08.28"]
[EventType "team-swiss"]
[EventRounds "11"]
[EventCountry "TUR"]
[SourceTitle "CBM 150 Extra"]
[Source "ChessBase"]
[SourceDate "2012.10.19"]
[SourceVersion "1"]
[SourceVersionDate "2012.10.19"]
[SourceQuality "1"]
[WhiteTeam "Norway (W)"]
[BlackTeam "Peru (W)"]
[WhiteTeamCountry "NOR"]
[BlackTeamCountry "PER"]

1. d4 Nf6 2. c4 g6 3. g3 Bg7 4. Bg2 d6 5. Nc3 0-0 6. Nf3 c6 7. h3 Qa5 8. Bd2 Nbd7 9. 0-0 Qa6 10. b3 e5 11. e4 exd4 12. Nxd4 Re8 13. Bf4 Ne5 14. Nde2 Bf8 15. Bg5 Nh5 16. g4 Ng7 17. Ng3 Ne6 18. Be3 Qa5 19. Qc2 Nc5 20. f4 Ned7 21. Rab1 Ne6 22. b4 Qd8 23. Rbd1 Qh4 24. Qf2 Bg7 25. Nce2 a5 26. a3 axb4 27. axb4 Ra3 28. Rxd6 Bf8 29. Rdd1 Bxb4 30. Kh2 Nec5 31. g5 Nd3 32. Qg1 N7c5 33. e5 Bg4 34. Nd4 Ra2 35. Rf2 Nxf2 36. Bxf2 Bxd1 37. Qxd1 Rxf2 38. Nf3 Qxf4 39. Qg1 Qxf3 0-1

[Event "Oslo Sveins op 5th"]
[Site "Oslo"]
[Date "2012.06.22"]
[Round "3"]
[White "Hansen, Erle Andrea Marki"]
[Black "Mihajlov, Sebastian"]
[Result "1/2-1/2"]
[WhiteElo "1853"]
[BlackElo "2064"]
[PlyCount "83"]
[EventDate "2012.06.22"]
[EventType "swiss"]
[EventRounds "9"]
[EventCountry "NOR"]
[SourceTitle "CBM 149 Extra"]
[Source "ChessBase"]
[SourceDate "2012.08.24"]
[SourceVersion "1"]
[SourceVersionDate "2012.08.24"]
[SourceQuality "1"]

1. d4 d5 2. Nf3 Nf6 3. g3 c6 4. Bg2 Bf5 5. 0-0 h6 6. c4 e6 7. Nbd2 Nbd7 8. b3 Bd6 9. Bb2 0-0 10. Ne5 Bxe5 11. dxe5 Ng4 12. Nf3 Be4 13. Qe1 Qc7 14. Qc3 h5 15. cxd5 Bxd5 16. h3 Nh6 17. Rfe1 c5 18. e4 Bc6 19. Bc1 Kh7 20. Ng5+ Kg8 21. Bf4 Rfe8 22. Bf3 g6 23. Rad1 Kg7 24. Rd6 Ng8 25. Red1 Rac8 26. Qd2 Nf8 27. g4 hxg4 28. hxg4 Qe7 29. Be3 b6 30. Bg2 Qb7 31. f4 Nh7 32. Nxh7 Kxh7 33. Qf2 Kg7 34. Qf3 Ne7 35. f5 exf5 36. gxf5 Nxf5 37. Rxc6 Qxc6 38. exf5 Qxf3 39. Bxf3 Rxe5 40. Bf4 Re7 41. fxg6 Kxg6 42. Rd5 1/2-1/2

[Event "Oslo Sveins op 5th"]
[Site "Oslo"]
[Date "2012.06.22"]
[Round "5"]
[White "Hansen, Erle Andrea Marki"]
[Black "Salomon, Johan"]
[Result "0-1"]
[WhiteElo "1853"]
[BlackElo "2052"]
[PlyCount "68"]
[EventDate "2012.06.22"]
[EventType "swiss"]
[EventRounds "9"]
[EventCountry "NOR"]
[SourceTitle "CBM 149 Extra"]
[Source "ChessBase"]
[SourceDate "2012.08.24"]
[SourceVersion "1"]
[SourceVersionDate "2012.08.24"]
[SourceQuality "1"]

1. d4 Nf6 2. Nf3 g6 3. b3 Bg7 4. Bb2 0-0 5. g3 d5 6. Bg2 Ne4 7. c4 e6 8. Nbd2 c5 9. cxd5 exd5 10. 0-0 Nc6 11. e3 Bf5 12. Nh4 cxd4 13. Nxf5 gxf5 14. exd4 Nxd4 15. Rb1 Ne6 16. Bxg7 Kxg7 17. Rc1 Qf6 18. Nf3 Rad8 19. Nh4 N6g5 20. Qh5 f4 21. Qg4 Kh8 22. gxf4 Ne6 23. f5 Nd4 24. Bxe4 dxe4 25. Qxe4 Qxh4 26. f4 Qg4+ 27. Kh1 Qxf5 28. Qxf5 Nxf5 29. Rc7 Nd6 30. f5 Kg7 31. f6+ Kg6 32. Rc3 Ne4 33. Rcf3 Rd5 34. Rg1+ Rg5 0-1

[Event "Nordic-ch Girls A"]
[Site "Stavanger"]
[Date "2012.04.20"]
[Round "2"]
[White "Christensen, Emilie Ellegaard"]
[Black "Hansen, Erle Andrea Marki"]
[Result "0-1"]
[WhiteElo "1837"]
[BlackElo "1793"]
[PlyCount "68"]
[EventDate "2012.04.20"]
[EventType "swiss"]
[EventRounds "5"]
[EventCountry "NOR"]
[SourceTitle "EXT 2024"]
[Source "ChessBase"]
[SourceDate "2023.10.10"]
[SourceVersion "1"]
[SourceVersionDate "2023.10.10"]
[SourceQuality "1"]

1. d4 Nf6 2. Nf3 g6 3. b3 Bg7 4. Bb2 0-0 5. Nbd2 d6 6. c4 Nbd7 7. e3 c5 8. Be2 b5 9. cxb5 a6 10. bxa6 Qa5 11. 0-0 Bxa6 12. Nc4 Qc7 13. Ncd2 Nd5 14. Bxa6 Rxa6 15. a3 cxd4 16. exd4 N7b6 17. Rc1 Qd7 18. Nc4 Nf4 19. h3 Nbd5 20. Ne3 Ra5 21. Qd2 Rb5 22. Nxd5 Nxd5 23. b4 Qf5 24. Qc2 Qh5 25. Qe4 Bh6 26. Rc4 Nf4 27. Qc6 Rf5 28. Nh2 Rg5 29. Ng4 Ne2+ 30. Kh2 Rxg4 31. Qf3 f5 32. Qxe2 Rxg2+ 33. Kxg2 Qxe2 34. Rc7 Qxb2 0-1

[Event "Nordic-ch Girls A"]
[Site "Stavanger"]
[Date "2012.04.20"]
[Round "3"]
[White "Hansen, Erle Andrea Marki"]
[Black "Johannsdottir, Johanna Bjorg"]
[Result "1/2-1/2"]
[WhiteElo "1793"]
[BlackElo "1864"]
[PlyCount "53"]
[EventDate "2012.04.20"]
[EventType "swiss"]
[EventRounds "5"]
[EventCountry "NOR"]
[SourceTitle "EXT 2024"]
[Source "ChessBase"]
[SourceDate "2023.10.10"]
[SourceVersion "1"]
[SourceVersionDate "2023.10.10"]
[SourceQuality "1"]

1. d4 d5 2. Nf3 Nf6 3. g3 e6 4. Bg2 Be7 5. 0-0 0-0 6. b3 b6 7. Bb2 Bb7 8. Nbd2 Nbd7 9. c4 c5 10. Rc1 Rc8 11. Rc2 Re8 12. Qa1 Nf8 13. Rd1 Qc7 14. cxd5 Bxd5 15. dxc5 Qb7 16. Rdc1 Rxc5 17. Rxc5 bxc5 18. Nc4 N8d7 19. Ne1 Bxg2 20. Nxg2 Qe4 21. Nge3 Nb6 22. Nd2 Qg6 23. Nf3 Nfd5 24. Ng2 Rc8 25. Ne5 Qe4 26. Nc4 Qg6 27. Ne5 1/2-1/2

[Event "Wch U16 Girls"]
[Site "Caldas Novas"]
[Date "2011.11.20"]
[Round "4"]
[White "Hansen, Erle Andrea Marki"]
[Black "Smirnova, Ekaterina"]
[Result "0-1"]
[WhiteElo "1762"]
[BlackElo "2028"]
[PlyCount "46"]
[EventDate "2011.11.18"]
[EventType "swiss"]
[EventRounds "9"]
[EventCountry "BRA"]
[SourceTitle "EXT 2013"]
[Source "ChessBase"]
[SourceDate "2012.11.22"]
[SourceVersion "1"]
[SourceVersionDate "2012.11.22"]
[SourceQuality "1"]

1. d4 Nf6 2. Nf3 e6 3. g3 d5 4. Bg2 Bd6 5. c4 c6 6. Qc2 0-0 7. 0-0 Nbd7 8. Nbd2 Qe7 9. b3 e5 10. e3 e4 11. Ne1 Ng4 12. Bb2 h5 13. Qd1 Qg5 14. h4 Qh6 15. Nc2 f5 16. Qe2 f4 17. Qe1 f3 18. Bh3 Ndf6 19. Ba3 Bxa3 20. Nxa3 g5 21. Qc1 gxh4 22. gxh4 Qg7 23. Re1 Nxe3+ 0-1

[Event "Wch U16 Girls"]
[Site "Caldas Novas"]
[Date "2011.11.18"]
[Round "1"]
[White "Bea, Boglarka"]
[Black "Hansen, Erle Andrea Marki"]
[Result "1/2-1/2"]
[WhiteElo "2116"]
[BlackElo "1762"]
[PlyCount "72"]
[EventDate "2011.11.18"]
[EventType "swiss"]
[EventRounds "9"]
[EventCountry "BRA"]
[SourceTitle "EXT 2013"]
[Source "ChessBase"]
[SourceDate "2012.11.22"]
[SourceVersion "1"]
[SourceVersionDate "2012.11.22"]
[SourceQuality "1"]

1. e4 c5 2. Nf3 Nc6 3. d4 cxd4 4. Nxd4 Nf6 5. Nc3 e5 6. Ndb5 d6 7. Bg5 a6 8. Na3 b5 9. Nd5 Be7 10. Bxf6 Bxf6 11. c3 0-0 12. Nc2 Rb8 13. a4 bxa4 14. Ncb4 Bb7 15. Nxf6+ Qxf6 16. Nd5 Qd8 17. Rxa4 Ne7 18. Ne3 Bc6 19. Rxa6 Rxb2 20. Bc4 Rb7 21. Nd5 Rc7 22. f3 Qd7 23. Be2 Rd8 24. Bc4 Ng6 25. Nb6 Qe8 26. Qb3 Nf4 27. Bf1 Rb8 28. Qa2 Rcb7 29. Nc4 Rb1+ 30. Kf2 d5 31. exd5 Bxd5 32. Kg3 Nh5+ 33. Kh3 Nf4+ 34. Kg3 Nh5+ 35. Kh3 Nf4+ 36. Kg3 Nh5+ 1/2-1/2

[Event "EU-chT (Women) 18th"]
[Site "Porto Carras"]
[Date "2011.11.08"]
[Round "6.4"]
[White "Longson, Sarah N"]
[Black "Hansen, Erle Andrea Marki"]
[Result "1-0"]
[WhiteElo "2060"]
[BlackElo "1762"]
[PlyCount "75"]
[EventDate "2011.11.03"]
[EventType "team-swiss"]
[EventRounds "9"]
[EventCountry "GRE"]
[SourceTitle "EXT 2012"]
[Source "ChessBase"]
[SourceDate "2011.11.24"]
[SourceVersion "1"]
[SourceVersionDate "2011.11.24"]
[SourceQuality "1"]
[WhiteTeam "England (W)"]
[BlackTeam "Norway (W)"]
[WhiteTeamCountry "ENG"]
[BlackTeamCountry "NOR"]

1. e4 c5 2. Nc3 Nc6 3. g3 g6 4. Bg2 Bg7 5. d3 e6 6. Be3 d6 7. Qd2 Nge7 8. Bh6 0-0 9. h4 f6 10. Bxg7 Kxg7 11. h5 g5 12. h6+ Kh8 13. f4 Ng6 14. Nge2 Bd7 15. 0-0-0 Rb8 16. fxg5 fxg5 17. Rhf1 b5 18. Rxf8+ Nxf8 19. Rf1 b4 20. Nd1 e5 21. Ne3 Be6 22. Nc4 a5 23. Qe3 Bxc4 24. dxc4 Qe7 25. Bh3 Nd4 26. Ng1 Ng6 27. Bf5 Nxf5 28. exf5 Qf6 29. Nh3 Ne7 30. Qxg5 Qxg5+ 31. Nxg5 Rf8 32. g4 Ng8 33. Ne6 Rf7 34. g5 Ne7 35. f6 Ng6 36. b3 Nf8 37. Nxf8 Rxf8 38. f7 1-0

[Event "EU-chT (Women) 18th"]
[Site "Porto Carras"]
[Date "2011.11.03"]
[Round "1.4"]
[White "Eric, Jovana"]
[Black "Hansen, Erle Andrea Marki"]
[Result "1-0"]
[WhiteElo "2236"]
[BlackElo "1762"]
[PlyCount "91"]
[EventDate "2011.11.03"]
[EventType "team-swiss"]
[EventRounds "9"]
[EventCountry "GRE"]
[SourceTitle "EXT 2012"]
[Source "ChessBase"]
[SourceDate "2011.11.24"]
[SourceVersion "1"]
[SourceVersionDate "2011.11.24"]
[SourceQuality "1"]
[WhiteTeam "Serbia (W)"]
[BlackTeam "Norway (W)"]
[WhiteTeamCountry "SRB"]
[BlackTeamCountry "NOR"]

1. e4 c5 2. Nf3 Nc6 3. Nc3 d6 4. g3 g6 5. Bg2 Bg7 6. 0-0 Nf6 7. d3 0-0 8. h3 Bd7 9. Be3 a6 10. d4 cxd4 11. Nxd4 Rc8 12. Nb3 Ne5 13. Bd4 Nc6 14. Be3 Ne5 15. Qe2 Nc4 16. Bc1 b5 17. a3 Ne8 18. Nd1 Be6 19. Rb1 Qd7 20. Kh2 Qc7 21. c3 Ne5 22. Nd2 Nf6 23. Ne3 Nc4 24. Ndxc4 bxc4 25. f4 Bd7 26. g4 Bb5 27. g5 Nd7 28. Nd5 Qd8 29. Kh1 Nc5 30. f5 e6 31. f6 exd5 32. fxg7 Re8 33. Qf3 Qe7 34. exd5 Kxg7 35. Bd2 Nd3 36. Qg3 Qe5 37. Qh4 Kg8 38. Rxf7 h5 39. Rf6 Kg7 40. Rbf1 Rc7 41. R6f3 Bd7 42. Re3 Qxe3 43. Bxe3 Rxe3 44. Qd4+ Re5 45. Qb6 Rc8 46. Qxd6 1-0

[Event "Wch U20 Girls 29th"]
[Site "Chennai"]
[Date "2011.08.10"]
[Round "8"]
[White "Hansen, Erle Andrea Marki"]
[Black "Mejia Salinas, Lluvia Angelica"]
[Result "1/2-1/2"]
[WhiteElo "1770"]
[BlackElo "1889"]
[PlyCount "68"]
[EventDate "2011.08.02"]
[EventType "swiss"]
[EventRounds "13"]
[EventCountry "IND"]
[SourceTitle "CBM 143 Extra"]
[Source "ChessBase"]
[SourceDate "2011.08.29"]
[SourceVersion "1"]
[SourceVersionDate "2011.08.29"]
[SourceQuality "1"]

1. Nf3 d5 2. b3 Nf6 3. Bb2 e6 4. g3 Be7 5. Bg2 c5 6. d3 0-0 7. 0-0 Nbd7 8. Nbd2 b6 9. c4 Bb7 10. Qc2 Rc8 11. a4 a5 12. cxd5 exd5 13. Nh4 Qc7 14. Nf5 Rfe8 15. e4 d4 16. Nc4 Ne5 17. Bc1 Nxc4 18. bxc4 Bc6 19. Bf4 Qd8 20. Qd1 Kh8 21. Bh3 Bd7 22. Rb1 Bf8 23. Bg2 Bxf5 24. exf5 Bd6 25. Bg5 Bc7 26. Bb7 Rb8 27. Bc6 Re5 28. Qf3 h6 29. Bf4 Re7 30. Bd2 Bd6 31. Rfe1 Qc7 32. Rxe7 Qxe7 33. Re1 Qc7 34. Bb5 Kg8 1/2-1/2